El diseño en una casa de campo / (Registro nro. 4456)
[ vista simple ]
| 000 -LEADER | |
|---|---|
| fixed length control field | 01375nam a22003017a 4500 |
| 003 - CONTROL NUMBER IDENTIFIER | |
| control field | PE SENCICO BE |
| 005 - DATE AND TIME OF LATEST TRANSACTION | |
| control field | 20251020182647.0 |
| 008 - FIXED-LENGTH DATA ELEMENTS--GENERAL INFORMATION | |
| fixed length control field | 231116b |||||||| |||| 00| 0 eng d |
| 040 ## - CATALOGING SOURCE | |
| Original cataloging agency | PE SENCICO BE |
| Transcribing agency | PE SENCICO BE |
| 041 ## - LANGUAGE CODE | |
| Language code of text/sound track or separate title | spa |
| 084 ## - OTHER CLASSIFICATION NUMBER | |
| Classification number | I |
| -- | DIS |
| -- | 2017 |
| Item number | R84 |
| 100 1# - MAIN ENTRY--PERSONAL NAME | |
| 9 (RLIN) | 1807 |
| Personal name | Rossel Villantoy, Rafael Francisco |
| Relator term | autor |
| 245 1# - TITLE STATEMENT | |
| Title | El diseño en una casa de campo / |
| Statement of responsibility, etc. | Rafael Francisco Rossel Villantoy |
| 246 ## - VARYING FORM OF TITLE | |
| Title proper/short title | Desarrollo de un proyecto de diseño de interior en una casa de playa |
| 260 ## - PUBLICATION, DISTRIBUTION, ETC. | |
| Place of publication, distribution, etc. | Lima : |
| Date of publication, distribution, etc. | 2017 |
| 300 ## - PHYSICAL DESCRIPTION | |
| Extent | 51 h. : |
| Other physical details | il. col. ; |
| Dimensions | 30 cm. |
| 500 ## - GENERAL NOTE | |
| General note | Texto en dos volúmenes. El volumen 2 contiene planos (30 x 40 cm.). |
| 502 ## - DISSERTATION NOTE | |
| Dissertation note | Monografía de Titulación.-- Servicio Nacional de Capacitación para la Industria de la Construcción. Escuela Superior Técnica. Carrera Profesional Técnica en Diseño de Interiores, 2017 |
| 505 0# - FORMATTED CONTENTS NOTE | |
| Formatted contents note | v. 1: El diseño en una casa de campo -- v. 2: Desarrollo de un proyecto de diseño de interior en una casa de playa |
| 650 10 - SUBJECT ADDED ENTRY--TOPICAL TERM | |
| 9 (RLIN) | 44 |
| Topical term or geographic name entry element | Diseño de interiores |
| 650 10 - SUBJECT ADDED ENTRY--TOPICAL TERM | |
| 9 (RLIN) | 190 |
| Topical term or geographic name entry element | Casas de campo |
| 650 20 - SUBJECT ADDED ENTRY--TOPICAL TERM | |
| 9 (RLIN) | 328 |
| Topical term or geographic name entry element | Viviendas de estructuras de madera |
| 650 20 - SUBJECT ADDED ENTRY--TOPICAL TERM | |
| 9 (RLIN) | 1793 |
| Topical term or geographic name entry element | Color en el diseño |
| 650 20 - SUBJECT ADDED ENTRY--TOPICAL TERM | |
| 9 (RLIN) | 615 |
| Topical term or geographic name entry element | Planos |
| 710 1# - ADDED ENTRY--CORPORATE NAME | |
| Corporate name or jurisdiction name as entry element | Servicio Nacional de Capacitación para la Industria de la Construcción. |
| Subordinate unit | Escuela Superior Técnica |
| 9 (RLIN) | 1065 |
| 910 ## - USER-OPTION DATA (OCLC) | |
| -- | hfp |
| -- | hfp |
| 942 ## - ADDED ENTRY ELEMENTS (KOHA) | |
| Koha item type | Monografía de Titulación |
| Source of classification or shelving scheme | Dewey Decimal Classification |
| Fecha de la última vez que lo usaron | Número de ingreso o de inventario | Pago total | Signatura topográfica completa | Código de barras | Precio efectivo desde | Tipo de documento | Estado perdido | Estado dañado | No es para préstamo | Retirado | Ubicación permanente | Ubicación actual | Fecha de adquisición |
|---|---|---|---|---|---|---|---|---|---|---|---|---|---|
| 16/11/2023 | I-00280 | I/DIS/2017/R84/v. 1 | BibLima23110043 | 16/11/2023 | Monografía de Titulación | Biblioteca Central Lima | Biblioteca Central Lima | 16/11/2023 | |||||
| 13/02/2024 | I-00430 | I/DIS/2017/R84/v. 2 | BibLima24020066 | 13/02/2024 | Monografía de Titulación | Biblioteca Central Lima | Biblioteca Central Lima | 13/02/2024 |